Stav a perspektivy uznávání dokladů o vzdělání (kvalifikaci) z hlediska boloňského procesu

Problematika uznávania dokladov, získaných vysokoškolským vzdelávaním a dokladov umožňujúcich prístup k nemu. Príspevok je zameraný na jednu z podstatných súčastí Boloňského procesu, t.j. uznávania dokladov o dosiahnutom vzdelaní, požadované z dôvodu ďalšieho vzdelávania alebo ako nutný predpoklad p...

Descrizione completa

Salvato in:
Dettagli Bibliografici
Autore principale: Skuhrová, Štěpánka
Altri autori: Diviš, Jindra
Natura: Capitolo di libro
Lingua:ceco
Soggetti:
Tags: Aggiungi Tag
Nessun Tag, puoi essere il primo ad aggiungerne!!

MARC

LEADER 00000naa a2200000 4500
001 r043204
005 20230919103640.0
041 0 |a cze 
044 |a CZ 
245 1 0 |a Stav a perspektivy uznávání dokladů o vzdělání (kvalifikaci) z hlediska boloňského procesu  |c Štěpánka Skuhrová, Jindra Diviš 
520 |a Problematika uznávania dokladov, získaných vysokoškolským vzdelávaním a dokladov umožňujúcich prístup k nemu. Príspevok je zameraný na jednu z podstatných súčastí Boloňského procesu, t.j. uznávania dokladov o dosiahnutom vzdelaní, požadované z dôvodu ďalšieho vzdelávania alebo ako nutný predpoklad pre profesné uplatnenie. Počiatočný stav - konkrétne výsledky dosiahnuté v oblasti uznávania. Národné konzultačné a informačné orgány v oblasti uznávania. 
610 2 0 |a vzdelanie vysokoškolské 
610 2 0 |a kvalifikácia 
610 2 0 |a absolventi 
610 2 0 |a dokumenty 
610 2 0 |a Bolonský proces 
610 2 0 |a dohody medzinárodné 
610 2 0 |a štúdium kreditné 
610 2 0 |a Európska únia 
610 2 0 |a školy vysoké 
100 1 |a Skuhrová, Štěpánka 
700 1 |a Diviš, Jindra